Größte Exportländer der Welt - Statistiken

Allgemein
  • Dieses Quiz wurde 157 mal gespielt
  • Das Durchschnittsergebnis liegt bei 16 aus 20
Antwortstatistiken
Platz Land Betrag in US-Dollar % Korrekt
1. China 1.990 Mrd.
100%
3. Deutschland 1.322 Mrd.
100%
4. Japan 634,9 Mrd.
98%
16. Russland 281,9 Mrd.
98%
2. Vereinigte Staaten 1.456 Mrd.
98%
6. Frankreich 507 Mrd.
97%
17. Spanien 280,5 Mrd.
95%
8. Italien 454,1 Mrd.
93%
19. Indien 268,6 Mrd.
91%
10. Kanada 393,5 Mrd.
89%
9. Vereinigtes Königreich 407,3 Mrd.
89%
5. Südkorea 511,8 Mrd.
86%
11. Mexiko 374,3 Mrd.
85%
7. Niederlande 495,4 Mrd.
83%
18. Belgien 277,7 Mrd.
74%
13. Schweiz 318,1 Mrd.
68%
20. Thailand 214,3 Mrd.
58%
14. Taiwan 310,4 Mrd.
57%
12. Singapur 361,6 Mrd.
43%
15. Vereinigte Arabische Emirate 298,6 Mrd.
43%
Keine übereinstimmenden Quizze gefunden
Verteilung der Resultate
Anzahl Personen mit jedem Resultat
Perzentil nach korrekt beantworteten Fragen
Ihre Resultats-Entwicklung
Sie haben dieses Quiz noch nicht gespielt